000 00319nam a22001337a 4500
008 170220b xxu||||| |||| 00| 0 eng d
020 _a9780766814325
041 _aeng
080 _22ND
_a615
100 _a5
101 _aSHF
245 _aPHARMACY TECHNICIAN CERTIFICATION EXAM REVIEW
_cANTHONY, P.K
942 _2udc
_cBK
999 _c5894
_d5894